000 00493nam a2200169Ia 4500
005 20250508155331.0
008 008 250505s9999 xx 000 0 eng d
037 _aTextual
040 _aFEDL
_beng
_cFEDL
041 _aeng
_2eng
084 _a378.761 781 02, BIR
_qFEDL
245 0 _aHandbook: Session 1953-54
245 4 _cThe University of Birmingham Institute of Education
300 _a332p
942 _cTEXL
_h378.761 781 02, BIR
999 _c1356127
_d1356127